• 首页
  • 本馆介绍
  • 公告通知
  • 最新文献
  • 馆藏检索
  • 电子资源
  • 读者导购
  • 参考咨询
  • 我的图书馆
  • 登录
  • 详细信息显示
  • 放入我的书架
  • 预约/预借图书
  • 作者相关作品
  • 分类相关作品
  • 丛书相关作品
  • 出版社相关作品

书目信息

  • 表格格式
  • 工作单格式
  • 卡片格式
题名:
漫话中国戏曲人物
    
 
作者: 梅兰 主编
分册:  
出版信息: 南京   江苏教育出版社  2013
页数: 232页
开本: 23cm
丛书名:
单 册:
中图分类: J805.2
科图分类:
主题词: 戏曲--Xi Qu--人物形象--研究--中国
电子资源:
ISBN: 978-7-5499-1636-8
000 00804nam0 22002291 450
001 349731
005 20161010151740.21
010    @a978-7-5499-1636-8@dCNY34.00
100    @a20131115d2013 em y0chiy50 ea
101 0  @achi
102    @aCN@b320000
105    @ay z 000yy
106    @ar
200 1  @a漫话中国戏曲人物@AMan Hua Zhong Guo Xi Qu Ren Wu@f梅兰主编
210    @a南京@c江苏教育出版社@d2013
215    @a232页@d23cm
330    @a本书以轻松的笔触介绍中国优秀戏曲人物形象,主要内容包括:戏曲发展的摇篮时期、元代前期戏曲中的人物、元代后期戏曲中的人物、明清时期戏曲中的人物、京剧中的戏曲人物、现当代地方戏曲中的人物。
606 0  @a戏曲@AXi Qu@x人物形象@x研究@y中国
690    @aJ805.2@v5
701  0 @a梅兰@AMei Lan@4主编
801  0 @aCN@bTANGWEI@20160730
905    @b0886480-4@dJ805.2@e87@f5
    
    漫话中国戏曲人物/梅兰主编.-南京:江苏教育出版社,2013
    232页;23cm
    
    
    ISBN 978-7-5499-1636-8:CNY34.00
    本书以轻松的笔触介绍中国优秀戏曲人物形象,主要内容包括:戏曲发展的摇篮时期、元代前期戏曲中的人物、元代后期戏曲中的人物、明清时期戏曲中的人物、京剧中的戏曲人物、现当代地方戏曲中的人物。
●
相关链接 在E读中查询图书 在五车中查询图书 在当当中查询图书 在豆瓣中查询图书


正题名:漫话中国戏曲人物     索取号:J805.2/87         预约/预借

序号 登录号 条形码 馆藏地/架位号 状态 备注
1 0886480   208864807   第一样本阅览室/ [索取号:J805.2/87] 在馆    
2 0886481   208864816   第一借阅区/ [索取号:J805.2/87] 在馆    
3 0886482   208864825   第一借阅区/ [索取号:J805.2/87] 在馆    
4 0886483   208864834   第一借阅区/ [索取号:J805.2/87] 在馆    
5 0886484   208864843   第一借阅区/ [索取号:J805.2/87] 在馆    
唐山师范学院图书馆 欢迎您!
大连网信软件有限公司© 版权所有